El que no salta es un holandés /

A fines de 1977, con doce años, Pablo llega a Buenos Aires. Sus padres se han divorciado y él extraña a su madre, a su hermana y a los amigos que dejó en Mar del Plata. El desarraigo, la separación y el inicio de la adolescencia pegan fuerte, pero Pablo encuentra refugio en la euforia por el inminen...

Descripción completa

Guardado en:
Autor Principal: Méndez, Mario.
Formato: Libro
Idioma:Undetermined
Publicado: Buenos Aires : Amauta, 2023.
Edición:1a ed.
Series:Identidades bonaerenses
Memoria
Materias:
Etiquetas: Agregar Etiqueta
Sin Etiquetas, Sea el primero en etiquetar este registro!
LEADER 01806nam a22002655a 4500
001 CEM.cems024847
008 250807s2023####ag############000#0#und#d
005 20260410081148.0
245 1 0 |a El que no salta es un holandés /  |c Mario Méndez. 
250 |a 1a ed. 
260 |a Buenos Aires :  |b Amauta,  |c 2023. 
300 |a 110 p. 
490 1 |a Identidades bonaerenses 
490 1 |a Memoria 
500 |a Edición especial de la Dirección de Cultura y Educación de la Provincia de Buenos Aires. 
520 |a A fines de 1977, con doce años, Pablo llega a Buenos Aires. Sus padres se han divorciado y él extraña a su madre, a su hermana y a los amigos que dejó en Mar del Plata. El desarraigo, la separación y el inicio de la adolescencia pegan fuerte, pero Pablo encuentra refugio en la euforia por el inminente mundial de fútbol y en la amistad de Delicia Jansen, su vecina, hija de una familia de holandeses. Esta historia, que comienza en Mar del Plata –ciudad natal del autor– y continúa en Temperley, ficcionaliza la desaparición de Heriberto Ruggeri y muestra una mirada sobre el Mundial de 1978 y su manipulación por parte de la dictadura cívico-militar que no había sido tratada anteriormente por la literatura juvenil. Pablo intenta disfrutar del fútbol y del amor a pesar del acecho de la dictadura militar. ¿Podrá? 
020 |a 9789871974412 
100 1 |a Méndez, Mario. 
653 |a Literatura argentina 
653 |a Novela argentina 
653 |a Identidades bonaerenses 
859 |a CEMS  |b BIB. CEMS - Agricultura  |h A863.4  |i M522  |p A3945.25  |t Ej.1 
859 |a CEMS  |b BIB. CEMS - Ccias. Educacion  |h A863.4  |i M522-1  |k CE  |p 30338.25  |t Ej.1 
859 |a CEMS  |b BIB. CEMS - 11 de abril  |h A863.4  |i M522-1  |p 30336.25  |t Ej.1 
859 |a CEMS  |b BIB. CEMS - 11 de abril  |h A863.4  |i M522-1  |p 30337.25  |t Ej.2